000 00683nam a2200229 a 4500
001 BRCA_5204
005 20190320205001.0
008 261110s1944----sp-a######---#000-0#spa-#
041 _aspa
044 _asp
050 4 _aDP44
_b.G85 1944
245 1 0 _aGuía de las instalaciones de 1940
_bresumen de arqueología española.
250 _a2
260 _aMadrid
_bMuseo Arqueológico Nacional
_c1944
300 _a88 p.
_bil., 24 láminas
_c21 cm.
500 _aEstado físico: Encuadernación deteriorada
500 _aE35
650 1 4 _aArqueología española
_vGuías
_xArquitectura
_913327
710 2 _aMuseo Arqueológico Nacional
_913328
902 _aGFM
942 _2lcc
_cB
999 _c4898
_d4898